Landkreise und kreisfreie Städte Deutschlands mit "L" - Statistiken

Allgemein
  • Dieses Quiz wurde 637 mal gespielt
  • Das Durchschnittsergebnis liegt bei 16 aus 20
Antwortstatistiken
Bundesland Kreis % Korrekt
Sachsen Leipzig
89%
Sachsen Leipzig
89%
Baden-Württemberg Ludwigsburg
88%
Rheinland-Pfalz Ludwigshafen am Rhein
87%
Bayern Landshut
83%
Bayern Landshut
83%
Rheinland-Pfalz Landau in der Pfalz
80%
Hessen Limburg-Weilburg
80%
Mecklenburg-Vorpommern Ludwigslust-Parchim
80%
Bayern Landsberg am Lech
79%
Niedersachsen Lüneburg
79%
Bayern Lindau (Bodensee)
77%
Hessen Lahn-Dill-Kreis
76%
Nordrhein-Westfalen Lippe
75%
Nordrhein-Westfalen Leverkusen
74%
Niedersachsen Leer
73%
Baden-Württemberg Lörrach
72%
Schleswig-Holstein Lübeck
68%
Bayern Lichtenfels
67%
Niedersachsen Lüchow-Dannenberg
61%
Keine übereinstimmenden Quizze gefunden
Verteilung der Resultate
Anzahl Personen mit jedem Resultat
Perzentil nach korrekt beantworteten Fragen
Ihre Resultats-Entwicklung
Sie haben dieses Quiz noch nicht gespielt